Cấu trúc dữ liệu và các đối tượng khác sử dụng C++
Nội dung giới thiệu các cấu trúc dữ liệu cùng các đối tượng khác khi sử dụng ngôn ngữ lập trình C++
Bewaard in:
| Hoofdauteur: | |
|---|---|
| Formaat: | Boek |
| Taal: | Undetermined |
| Gepubliceerd in: |
Hà Nội
Thống Kê
2000
|
| Onderwerpen: | |
| Tags: |
Voeg label toe
Geen labels, Wees de eerste die dit record labelt!
|
| Thư viện lưu trữ: | Trung tâm Học liệu Trường Đại học Cần Thơ |
|---|
| LEADER | 00840nam a2200205Ia 4500 | ||
|---|---|---|---|
| 001 | CTU_39928 | ||
| 008 | 210402s9999 xx 000 0 und d | ||
| 020 | |b 45.000đ | ||
| 082 | |a 005.133 | ||
| 082 | |b M224/T2 | ||
| 100 | |a Main, M. | ||
| 245 | 0 | |a Cấu trúc dữ liệu và các đối tượng khác sử dụng C++ | |
| 245 | 0 | |c M Main, W Savitch ; Dương Quang Thiện ( biên dịch ) | |
| 260 | |a Hà Nội | ||
| 260 | |b Thống Kê | ||
| 260 | |c 2000 | ||
| 520 | |a Nội dung giới thiệu các cấu trúc dữ liệu cùng các đối tượng khác khi sử dụng ngôn ngữ lập trình C++ | ||
| 650 | |a C+ ( computer program language ),Data strustures ( computer science ) | ||
| 904 | |i Minh, QHieu | ||
| 980 | |a Trung tâm Học liệu Trường Đại học Cần Thơ | ||